[Event "Let's Play Chess!"]
[Site "http://www.queenalice.com/game.php?id=72394"]
[Date "2006.5.28"]
[Round "-"]
[White "waldi"]
[Black "Dr_HB"]
[Result "1-0"]
[WhiteElo "1661"]
[BlackElo "1230"]

1. d4 c5 2. d5 Nf6 3. Nc3 Qa5 4. e4 Nxe4 5. Ne2 d6 6. f3 Nxc3 7. Nxc3 e6 8. Bd2
Be7 9. Bd3 exd5 10. Nxd5 Qa4 11. Bb5+ Qxb5 12. Nc7+ Kd8 13. Nxb5 Bh4+ 14. g3
Re8+ 15. Kf2 Bf6 16. c3 Bh3 17. Nxd6 Re6 18. Nxb7+ Kc7 19. Nxc5 Rd6 20. Bf4 Be7
21. Bxd6+ Bxd6 22. Ne4 Be7 23. Qd5 Nc6 24. Qxf7 Kb6 25. Rad1 Bf8 26. g4 Ne7 27.
Qe6+ Kb5 28. Qd7+ Nc6 29. Qb7+ Ka5 30. Qxa8 Kb6 31. Qxf8 g6 32. Qc5+ Kc7 33. Rd6
h5 34. Qxc6+ 1-0

[Event "Let's Play Chess!"]
[Site "http://www.queenalice.com/game.php?id=72395"]
[Date "2006.5.28"]
[Round "-"]
[White "santista"]
[Black "Dr_HB"]
[Result "1-0"]
[WhiteElo "1785"]
[BlackElo "1230"]

1. d4 Nf6 2. Nc3 d5 3. Bf4 Nh5 4. Qd2 e6 5. a3 Qh4 6. Bxc7 e5 7. Bxe5 Nc6 8. Nf3
Qe7 9. Nxd5 Qd7 10. Nc7+ Kd8 11. Nxa8 Nxe5 12. dxe5 b5 13. Qxd7+ Kxd7 14. O-O-O+
Ke6 15. Nc7+ Kf5 16. Nxb5 a6 17. Nd6+ Bxd6 18. exd6 g5 19. d7 Nf6 20. d8=Q Rxd8
21. Rxd8 Bb7 22. e3 Ne4 23. Bd3 Kf6 24. Bxe4 Bxe4 25. Rd6+ Kg7 26. Rxa6 g4 27.
Nh4 f6 28. f3 gxf3 29. gxf3 Bd5 30. Rg1+ Kf7 31. e4 Bb7 32. Ra7 Ke7 33. Rxb7+
Kd6 34. Rd1+ Ke5 35. Rxh7 Ke6 36. f4 f5 37. Rh6+ Ke7 38. Nxf5+ 1-0

[Event "Challenge"]
[Site "http://www.queenalice.com/game.php?id=72398"]
[Date "2006.5.28"]
[Round "-"]
[White "julie"]
[Black "Dr_HB"]
[Result "1-0"]
[WhiteElo "1230"]
[BlackElo "1221"]

1. e4 Nf6 2. f3 c6 3. d4 Qb6 4. Ne2 e6 5. Nbc3 Bb4 6. Nf4 Na6 7. a3 Bd6 8. Na4
Qa5+ 9. Nc3 Bxf4 10. Bxf4 b5 11. a4 bxa4 12. Bc4 d5 13. Rxa4 1-0

[Event "Challenge"]
[Site "http://www.queenalice.com/game.php?id=72399"]
[Date "2006.5.28"]
[Round "-"]
[White "Catti"]
[Black "Dr_HB"]
[Result "1-0"]
[WhiteElo "1279"]
[BlackElo "1258"]

1. e4 Nc6 2. Nc3 Nb4 3. d4 e5 4. Be3 d5 5. Bb5+ c6 6. Ba4 exd4 7. Bxd4 Nh6 8.
exd5 Bg4 9. dxc6 Bxd1 10. Nxd1 Qe7+ 11. Be3 Nxc6 12. Bxc6+ bxc6 13. Nf3 Qf6 14.
Ng5 Bb4+ 15. Nc3 Ng4 16. Ne4 Qg6 17. O-O Nxe3 18. fxe3 O-O 19. a3 Ba5 20. b4 1-0

[Event "AUTO-OPEN-281"]
[Site "http://www.queenalice.com/game.php?id=72704"]
[Date "2006.5.29"]
[Round "1"]
[White "Dr_HB"]
[Black "adlerburg"]
[Result "0-1"]
[WhiteElo "1100"]
[BlackElo "1574"]

1. h4 e5 2. Rh3 d6 3. Re3 Nc6 4. f4 Qxh4+ 5. g3 Qh1 6. Kf2 Qh2+ 7. Bg2 Qh5 8. a4
Na5 9. c4 Nxc4 10. Rc3 d5 11. Rxc4 dxc4 12. Bd5 exf4 13. Bxc4 fxg3+ 14. Kxg3
Qg4+ 15. Kf2 Qxc4 16. Na3 Qe6 17. Nf3 Bd6 18. Qg1 Bc5+ 19. d4 Bb4 20. Qxg7 Qf6
21. Qxf6 Nxf6 22. Nc4 Ne4+ 23. Ke3 Nd6 24. Bd2 Nxc4+ 25. Kd3 Nxd2 26. Nxd2 Bf5+
27. Ke3 O-O-O 28. Rf1 Bxd2+ 29. Kxd2 Rxd4+ 30. Ke3 Re4+ 31. Kd2 Rd8+ 32. Kc3 Bg6
33. Rf6 Rxa4 34. b3 Ra2 35. e3 Rad2 36. Rf1 R8d3+ 37. Kc4 Rd5 38. Rf4 c6 39. e4
Rc2+ 40. Kb4 a5+ 41. Ka4 Ra2# 0-1

[Event "AUTO-OPEN-281"]
[Site "http://www.queenalice.com/game.php?id=72705"]
[Date "2006.5.29"]
[Round "1"]
[White "adlerburg"]
[Black "Dr_HB"]
[Result "1-0"]
[WhiteElo "1616"]
[BlackElo "1100"]

1. e4 d6 2. Nf3 Bg4 3. Bc4 e6 4. Nc3 Nc6 5. d4 Nxd4 6. Qxd4 a5 7. Bg5 f6 8. Bxe6
fxg5 9. Bxg4 Ra6 10. O-O Nf6 11. Nxg5 Nxg4 12. Qd5 Kd7 13. Nf7 Qh4 14. h3 h5 15.
Qf5+ Ke7 16. Nd5+ Ke8 17. Nxc7+ Ke7 18. Qe6# 1-0

[Event "AUTO-OPEN-281"]
[Site "http://www.queenalice.com/game.php?id=72706"]
[Date "2006.5.29"]
[Round "1"]
[White "Dr_HB"]
[Black "Crash"]
[Result "0-1"]
[WhiteElo "1234"]
[BlackElo "1622"]

1. d3 d5 2. Bf4 d4 3. Qd2 Nc6 4. e3 g6 5. exd4 Nxd4 6. c3 Ne6 7. Bg3 Bg7 8. d4
c6 9. Na3 Nf6 10. O-O-O Ne4 11. Qe3 Nxg3 12. hxg3 O-O 0-1

[Event "AUTO-OPEN-281"]
[Site "http://www.queenalice.com/game.php?id=72708"]
[Date "2006.5.29"]
[Round "1"]
[White "Dr_HB"]
[Black "aarongale"]
[Result "0-1"]
[WhiteElo "1100"]
[BlackElo "1693"]

1. e3 g6 2. c3 Bg7 3. Qb3 c5 4. Bc4 e6 5. Nf3 Nc6 6. d4 Na5 7. Qb5 Nxc4 8. Qxc4
b6 9. dxc5 Qc7 10. O-O a5 11. Rd1 Ba6 12. Qe4 Bb7 13. Qh4 Bxf3 14. gxf3 Qxc5 15.
b4 axb4 16. cxb4 Qe5 17. b5 Qxa1 18. Ba3 Rxa3 19. Qc4 Nh6 20. Qc8+ Ke7 21. Qxd7+
Kf6 22. Nxa3 Qxa2 23. Nc4 Qxc4 24. Rb1 Qe2 25. Kg2 Nf5 26. e4 Nh4+ 27. Kg3 Nxf3
28. Kf4 Bh6+ 29. Kg4 Ne5+ 30. Kh3 Qg4# 0-1

[Event "Challenge"]
[Site "http://www.queenalice.com/game.php?id=76680"]
[Date "2006.6.15"]
[Round "-"]
[White "RIVAS"]
[Black "Dr_HB"]
[Result "1-0"]
[WhiteElo "1983"]
[BlackElo "1260"]

1. e4 e6 2. d4 e5 3. dxe5 Qh4 4. Qf3 f5 5. exf5 Ne7 6. Nc3 d6 7. exd6 cxd6 8.
Bb5+ Nec6 9. Be3 a6 10. Be2 Nd4 11. Bxd4 Qxd4 12. Nh3 Be7 13. O-O Rf8 14. Qh5+
Rf7 15. Qxh7 Bxf5 16. Qg8+ Rf8 17. Qb3 Nd7 18. Rad1 Qa7 19. Nd5 Bd8 20. Qc3 b5
21. Qxg7 Nf6 22. Nxf6+ 1-0

[Event "AUTO-ADV-188"]
[Site "http://www.queenalice.com/game.php?id=77891"]
[Date "2006.6.18"]
[Round "1"]
[White "Dr_HB"]
[Black "rojen12"]
[Result "0-1"]
[WhiteElo "1260"]
[BlackElo "1629"]

1. Nf3 e5 2. Nh4 d5 3. Nf5 Bxf5 4. e4 dxe4 5. Bc4 Nf6 6. O-O Bc5 7. h3 g5 8. d3
g4 9. Qe2 Rg8 10. Bh6 Qe7 11. Rd1 gxh3 12. a4 Rxg2+ 13. Kh1 Bg4 14. Qd2 Rxf2 15.
Qc3 h2 16. dxe4 Bf3+ 17. Qxf3 Rxf3 18. Nc3 Ng4 19. Bg7 Nf2+ 20. Kg2 Nxd1 21.
Rxd1 Rf2+ 22. Kg3 Qg5+ 23. Kh3 Qg2+ 24. Kh4 h1=Q+ 25. Rxh1 Be7+ 0-1

[Event "AUTO-ADV-188"]
[Site "http://www.queenalice.com/game.php?id=77892"]
[Date "2006.6.18"]
[Round "1"]
[White "rojen12"]
[Black "Dr_HB"]
[Result "1-0"]
[WhiteElo "1585"]
[BlackElo "1266"]

1. d4 c5 2. dxc5 e5 3. e4 Qf6 4. Be3 Qh4 5. Nf3 Qxe4 6. Bd3 Qb4+ 7. Nbd2 Qxb2 8.
Nc4 Qb5 9. Nd6+ Bxd6 10. Bxb5 Bc7 11. Qd5 Nf6 12. Bxd7+ Bxd7 13. Qxb7 Ke7 14.
Qxa8 Ke6 15. Ng5+ Ke7 16. Qxa7 Rc8 17. Rb1 Nc6 18. Qa3 h6 19. Nf3 g5 20. O-O Nd4
21. Bxd4 exd4 22. c6+ Bd6 23. Rfe1+ Be6 24. Rb7+ Kf8 25. Qxd6+ Ke8 26. Qe7# 1-0

[Event "AUTO-ADV-188"]
[Site "http://www.queenalice.com/game.php?id=77893"]
[Date "2006.6.18"]
[Round "1"]
[White "Dr_HB"]
[Black "flvsnts"]
[Result "0-1"]
[WhiteElo "1233"]
[BlackElo "1490"]

1. Na3 d5 2. Nf3 Nc6 3. e3 Bg4 4. h3 Bh5 5. h4 e5 6. Bd3 e4 7. Bb5 a6 8. Be2
exf3 9. gxf3 Be7 10. Rg1 Bf6 11. f4 Bxe2 12. Qxe2 Bxh4 13. Rxg7 Qf6 14. Qg4 Nge7
15. d4 h5 16. Qg2 O-O-O 17. Rg4 hxg4 18. Qxg4+ Nf5 19. b3 Rdg8 20. Qh3 Bxf2+ 21.
Kxf2 Rxh3 22. Bb2 Nxe3 23. Re1 Rg2# 0-1

[Event "AUTO-ADV-188"]
[Site "http://www.queenalice.com/game.php?id=77894"]
[Date "2006.6.18"]
[Round "1"]
[White "flvsnts"]
[Black "Dr_HB"]
[Result "1-0"]
[WhiteElo "1575"]
[BlackElo "1202"]

1. b3 e5 2. Bb2 Qf6 3. f4 Bc5 4. Bxe5 Qf5 5. Bxg7 Qxf4 6. e3 Qg5 7. Bxh8 f6 8.
Nf3 Qg6 9. Nc3 h5 10. Nd5 Bd6 11. Nd4 Qh6 12. Nb5 Bxh2 13. Nbxc7+ Kd8 14. Nxa8
Qxh8 15. Rxh2 Ne7 16. Rxh5 Qg8 17. Nxf6 Qe6 18. Rh8+ Ng8 19. Rxg8+ Ke7 20. Qf3
d5 21. Rg7+ Kd6 22. Qf4+ Kc5 23. d4+ 1-0